|
|
|
|
| LEADER |
01857nam a2200421 i 4500 |
| 001 |
EBC2007312 |
| 003 |
MiAaPQ |
| 005 |
20200520144314.0 |
| 006 |
m o d | |
| 007 |
cr cnu|||||||| |
| 008 |
150506t20152015gw a ob 000 0 ger d |
| 020 |
|
|
|z 9783958508842
|
| 020 |
|
|
|a 9783958503847
|q (electronic bk.)
|
| 035 |
|
|
|a (MiAaPQ)EBC2007312
|
| 035 |
|
|
|a (Au-PeEL)EBL2007312
|
| 035 |
|
|
|a (CaPaEBR)ebr11047217
|
| 035 |
|
|
|a (OCoLC)908099949
|
| 040 |
|
|
|a MiAaPQ
|b eng
|e rda
|e pn
|c MiAaPQ
|d MiAaPQ
|
| 050 |
|
4 |
|a HG4028.A84
|b .J346 2015
|
| 082 |
0 |
|
|a 332.632
|2 23
|
| 100 |
1 |
|
|a Jahn, Mike,
|d 1943-
|e author.
|
| 245 |
1 |
4 |
|a Die methodisch gestutzte beschaffung einer controllingsoftware fur ein zeitnahes materialcontrolling im OP-bereich /
|c Mike Jahn.
|
| 264 |
|
1 |
|a Hamburg, [Germany] :
|b Diplomica Verlag,
|c 2015.
|
| 264 |
|
4 |
|c 2015
|
| 300 |
|
|
|a 1 online resource (107 pages) :
|b illustrations, tables
|
| 336 |
|
|
|a text
|2 rdacontent
|
| 337 |
|
|
|a computer
|2 rdamedia
|
| 338 |
|
|
|a online resource
|2 rdacarrier
|
| 504 |
|
|
|a Includes bibliographical references.
|
| 588 |
|
|
|a Description based on online resource; title from PDF cover (ebrary, viewed May 7, 2015).
|
| 590 |
|
|
|a Electronic reproduction. Ann Arbor, MI : ProQuest, 2015. Available via World Wide Web. Access may be limited to ProQuest affiliated libraries.
|
| 650 |
|
0 |
|a Asset-backed financing.
|
| 650 |
|
0 |
|a Capital assets pricing model.
|
| 650 |
|
0 |
|a Computer software
|x Management.
|
| 655 |
|
4 |
|a Electronic books.
|
| 776 |
0 |
8 |
|i Print version:
|a Jahn, Mike.
|t Methodisch gestutzte beschaffung einer controllingsoftware fur ein zeitnahes materialcontrolling im OP-bereich.
|d Hamburg, [Germany] : Diplomica Verlag, c2015
|h 108 pages
|z 9783958508842
|
| 797 |
2 |
|
|a ProQuest (Firm)
|
| 856 |
4 |
0 |
|u https://ebookcentral.proquest.com/lib/matrademy/detail.action?docID=2007312
|z Click to View
|